[Event "Solingen Karneval op"]
[Site "Solingen"]
[Date "2015.02.15"]
[Round "4"]
[White "Breuer, Cindy"]
[Black "Schuetz, Samson"]
[Result "0-1"]
[WhiteElo "1495"]
[BlackElo "1687"]
[PlyCount "74"]
[EventDate "2015.02.13"]
[EventType "swiss"]
[EventRounds "5"]
[EventCountry "GER"]
[SourceTitle "EXT 2016"]
[Source "ChessBase"]
[SourceDate "2015.10.08"]
[SourceVersion "1"]
[SourceVersionDate "2015.10.08"]
[SourceQuality "1"]

1. Nf3 Nf6 2. g3 d5 3. d4 e6 4. c4 Nbd7 5. c5 c6 6. Nc3 Be7 7. Bg2 0-0 8. 0-0 Qc7 9. Bf4 Qd8 10. Re1 Re8 11. a4 a5 12. Qb1 Nf8 13. e4 Ng6 14. Bd2 dxe4 15. Nxe4 Nxe4 16. Rxe4 e5 17. Qc1 Bf5 18. Re2 exd4 19. Qc4 Bg4 20. Re4 Bxf3 21. Rxd4 Bd5 22. Bxd5 cxd5 23. Rxd5 Qc8 24. Rd1 Rd8 25. Bc3 Rxd5 26. Rxd5 Qc6 27. Rf5 Rf8 28. h4 Qe6 29. Qg4 f6 30. h5 Nh8 31. h6 g6 32. Rf4 Qxg4 33. Rxg4 Bxc5 34. Bxa5 b6 35. Bc3 f5 36. Rc4 Rc8 37. b4 Bxf2+ 0-1

[Event "Solingen Karneval op"]
[Site "Solingen"]
[Date "2014.03.02"]
[Round "5"]
[White "Runte, Dirk"]
[Black "Breuer, Cindy"]
[Result "1-0"]
[WhiteElo "1776"]
[BlackElo "1540"]
[PlyCount "37"]
[EventDate "2014.02.28"]
[EventType "swiss"]
[EventRounds "5"]
[EventCountry "GER"]
[SourceTitle "EXT 2016"]
[Source "ChessBase"]
[SourceDate "2015.10.08"]
[SourceVersion "1"]
[SourceVersionDate "2015.10.08"]
[SourceQuality "1"]

1. d4 c6 2. c4 d5 3. Nf3 Bg4 4. Ne5 Nf6 5. Nxg4 Nxg4 6. e3 Nf6 7. Nc3 e6 8. Qf3 Bb4 9. Bd3 Nbd7 10. 0-0 c5 11. cxd5 Bxc3 12. dxe6 Bxd4 13. exd7+ Qxd7 14. exd4 0-0 15. dxc5 Rac8 16. Bf5 Qc6 17. Bxc8 Qxf3 18. gxf3 Rxc8 19. Rd1 1-0